| 000 | 00730cam a2200265 4500 | ||
|---|---|---|---|
| 001 | J2888 | ||
| 008 | 090401t1995 xxu||||| |||| 00| 0 eng d | ||
| 035 | _a(Sirsi) u51685 | ||
| 041 | _aeng | ||
| 050 | _a692.3 | ||
| 100 | _aSnook, Keith | ||
| 245 | _aCPI-co-ordinated project information. | ||
| 260 |
_aAscot Berks _bChartered Institute of Building _c1995 |
||
| 300 | _a8p. : ill. ; 30cm. | ||
| 350 | _a0 | ||
| 490 |
_aConstruction Papers _v43 |
||
| 650 | _aCO-ORDINATED PROJECT INFORMATION | ||
| 650 | _aCONSTRUCTION INDUSTRY | ||
| 650 | _aCOORDINATED PROJECT INFORMATION | ||
| 650 | _aCPI | ||
| 690 | _aBUILT ENVIRONMENT | ||
| 710 |
_aChartered Institute of Building _92134 |
||
| 942 | _n0 | ||
| 948 | _c04/03/1997 | ||
| 999 |
_c92934 _d92934 |
||